[Event "Tourn. n9434"]
[Site "www.chess-mail.com"]
[Date "2017.07.18"]
[Round "1"]
[White "Picifarkinca"]
[Black "Cernunnoss"]
[WhiteElo "2030"]
[BlackElo "2050"]
[Result "1-0"]
[Round "1"]
1.e4 d5
2.exd5 Qd8xd5
3.Qd1f3 Ng8f6
4.Nb1c3 Qd5xf3
5.Ng1xf3 c6
6.d4 Bc8f5
7.Bf1d3 Bf5xd3
8.cxd3 e6
9.O-O Nb8d7
10.Nc3e4 Bf8e7
11.Bc1f4  { time }
1-0

[Event "Tourn. n9371"]
[Site "www.chess-mail.com"]
[Date "2017.07.18"]
[Round "1"]
[White "Goofy"]
[Black "Tartan"]
[WhiteElo "2320"]
[BlackElo "2400"]
[Result "0-1"]
[Round "1"]
1.e4 e6
2.Nb1c3 d5
3.d4 Bf8b4
4.e5 Qd8d7
5.a3 Bb4xc3
6.bxc3 b6
7.Qd1g4 f5
8.Qg4g3 Bc8a6
9.Bf1d3 Ba6xd3
10.cxd3 Nb8c6
11.f4 Ng8h6
12.Ng1f3 O-O
13.a4 Nc6a5
14.O-O Rf8c8
15.Nf3g5 c5
16.dxc5 bxc5
17.Bc1a3 Na5b3
18.Ra1a2 Ra8b8
19.Rf1b1 Rb8b6
20.Qg3e1 Qd7xa4
21.Ba3xc5 Qa4xa2
22.Bc5xb6 axb6
23.Ng5xe6 Rc8c6
24.Ne6g5 Nh6g4
25.e6 Ng4e3
26.Qe1xe3 Qa2xb1
27.Kf2 Qb1c1
28.Qe3e5 Qc1xc3
29.Qe5xf5 Qc3f6
30.Qf5xh7 Kf8
31.Qh7h4 Qf6d4
32.Kg3 Qd4xd3
33.Kg4 Kg8
34.Qh4h5 Qd3e2
{ resign }
0-1

[Event "Tourn. n9399"]
[Site "www.chess-mail.com"]
[Date "2017.07.18"]
[Round "1"]
[White "Roque1"]
[Black "Amaya"]
[WhiteElo "1990"]
[BlackElo "2020"]
[Result "0-1"]
[Round "1"]
1.e4 e6
2.d4 d5
3.e5 Ng8e7
4.Ng1f3 c5
5.c3 Qd8c7
6.Bc1e3 cxd4
7.cxd4 Ne7f5
8.Bf1b5 Bc8d7
9.Bb5xd7 Nb8xd7
10.Qd1d3 Bf8e7
11.Nb1c3 O-O
12.O-O a6
13.Ra1c1 Qc7a5
14.Rc1c2 h6
15.Rf1c1 Ra8c8
16.Be3d2 Qa5d8
17.a3 Nd7b6
18.a4 Nb6a8
19.Nc3a2 Rc8xc2
20.Rc1xc2 Qd8d7
21.a5 Na8c7
22.b4 Nc7b5
23.Na2c1 Rf8c8
24.Nc1b3 Rc8xc2
25.Qd3xc2 Nb5a3
26.Qc2c1 Na3c4
27.Bd2c3 Qd7a4
28.Nf3d2 Be7xb4
29.Bc3xb4 Qa4xb4
30.h3 Nc4xd2
31.Nb3xd2 Nf5xd4
32.Nd2f1 Nd4e2
{ resign }
0-1

[Event "Tourn. n9456"]
[Site "www.chess-mail.com"]
[Date "2017.07.18"]
[Round "1"]
[White "Astroboy"]
[Black "Cjood"]
[WhiteElo "2320"]
[BlackElo "1980"]
[Result "1-0"]
[Round "1"]
1.e4 e5
2.f4 exf4
3.Ng1f3 d5
4.exd5 Qd8xd5
5.Nb1c3 Qd5e6
6.Bf1e2 Bf8d6
7.O-O Ng8e7
8.d4 c6
9.Rf1e1 Qe6g6
10.Kh1 Bc8e6
11.a4 Ne7f5
12.Be2d3 O-O
13.Nc3e4 Bd6c7
14.Ne4g5 Nb8d7
15.Ng5xe6 fxe6
16.c3 Qg6h6
17.Bd3xf5 Rf8xf5
18.Qd1b3 Bc7e5
19.Qb3xb7 Ra8d8
20.dxe5 Nd7c5
21.Qb7e7 { resign }
1-0

[Event "Tourn. n9263"]
[Site "www.chess-mail.com"]
[Date "2017.07.18"]
[Round "1"]
[White "Falcoale"]
[Black "Julian"]
[WhiteElo "2010"]
[BlackElo "2010"]
[Result "1/2-1/2"]
[Round "1"]
1.e4 c5
2.Ng1f3 d6
3.b3 Nb8c6
4.Bc1b2 e6
5.c3 Ng8f6
6.Bf1d3 Bf8e7
7.O-O O-O
8.h3 a6
9.Bd3c2 b5
10.Rf1e1 Bc8b7
11.d3 e5
12.Nb1d2 Qd8d7
13.Nd2f1 Rf8e8
14.Nf1g3 d5
15.exd5 Nf6xd5
16.Qd1e2 Nd5f4
17.Qe2d1 Ra8d8
18.Nf3xe5 Nc6xe5
19.Re1xe5 Be7f6
20.Re5xe8 Rd8xe8
21.Ng3e4 Bb7xe4
22.dxe4 Qd7xd1
23.Ra1xd1 b4
24.Rd1d6 bxc3
25.Bb2a3 Nf4e2
26.Kf1 Ne2d4
27.Bc2d3 c2
28.Rd6xd4 cxd4
29.Bd3xc2 Re8c8
30.Bc2d3 a5
31.g3 g6
32.Ba3d6 Rc8c1
33.Kg2 Kg7
34.e5 Bf6g5
35.h4 Bg5d8
36.Bd3c4 Bd8b6
37.Bd6e7 h6
38.Be7f6 Kf8
39.g4 Rc1c2
40.g5 hxg5
41.hxg5 Rc2xa2
42.e6 fxe6
43.Bc4xe6 d3
44.Bf6c3 Ra2xf2
45.Kg3 d2
46.Be6g4 Kf7
47.Bc3xa5 d1Q
48.Bg4xd1 Bb6xa5
49.Kxf2 Ba5d2
50.Ke2 Bd2xg5
51.Kf3 Bg5e7
52.Kg4 Be7b4
53.Bd1c2 Kf6
54.Bc2xg6 Kxg6
55.Kf4 Kf6
{ draw }
1/2-1/2

[Event "Tourn. n9342"]
[Site "www.chess-mail.com"]
[Date "2017.07.18"]
[Round "1"]
[White "Ssharp"]
[Black "Vaido12"]
[WhiteElo "2310"]
[BlackElo "2350"]
[Result "0-1"]
[Round "1"]
1.e4 c5
2.Ng1f3 Nb8c6
3.Bf1c4 e6
4.Nb1c3 Ng8f6
5.O-O Nf6xe4
6.Nc3xe4 d5
7.Bc4d3 c4
8.Ne4g3 cxd3
9.cxd3 d4
10.b3 Bf8d6
11.Ng3e4 Bd6e7
12.Bc1b2 e5
13.h3 O-O
14.a4 Bc8e6
15.Bb2a3 Be7xa3
16.Ra1xa3 Qd8e7
17.Ra3a1 Be6d5
18.Qd1b1 f5
19.Ne4g3 Bd5xf3
20.gxf3 Qe7h4
21.Kg2 Nc6e7
22.Rf1h1 Ne7g6
23.Qb1e1 Qh4f4
24.Ng3e2 Ng6h4
 { time }
0-1

[Event "Tourn. n9425"]
[Site "www.chess-mail.com"]
[Date "2017.07.18"]
[Round "1"]
[White "Jackbauer"]
[Black "Redabond"]
[WhiteElo "1870"]
[BlackElo "1640"]
[Result "1-0"]
[Round "1"]
1.e4 e5
2.f4 d6
3.Ng1f3 Bc8g4
4.Bf1e2 Nb8c6
5.h3 Bg4e6
6.Nb1c3 Ng8f6
7.d4 exd4
8.Nf3xd4 Nc6xd4
9.Qd1xd4 Bf8e7
10.Bc1d2 O-O
11.O-O-O d5
12.e5 Nf6d7
13.Nc3xd5 Be6xd5
14.Qd4xd5 Nd7b6
15.Qd5e4 Qd8d5
16.Be2f3 Qd5xa2
17.c3 Qa2a1
18.Kc2 Qa1a5
19.Rd1a1 Ra8b8
20.Ra1xa5 a6
21.Bd2e3 Nb6d7
22.Bf3g4 f5
23.Qe4d5 Kh8
24.Qd5xd7 Rf8e8
25.Bg4xf5 c6
26.Be3c5 Be7xc5
27.Ra5xc5 Re8d8
28.Rh1d1 Rd8xd7
29.Bf5xd7 { resign }
1-0

[Event "Match"]
[Site "www.echecsemail.com"]
[Date "2017.07.18"]
[Round "1"]
[White "Iko"]
[Black "Albertf"]
[WhiteElo "1640"]
[BlackElo "1880"]
[Result "1-0"]
[Round "1"]
1.e4 e5
2.Ng1f3 Nb8c6
3.Bf1b5 Ng8f6
4.Bb5xc6 dxc6
5.Nf3xe5 Qd8d4
6.Ne5f3 Qd4xe4
7.Qd1e2 Qe4xe2
8.Kxe2 Bc8g4
9.Rh1e1 O-O-O
10.Kf1 Bg4xf3
11.gxf3 Bf8d6
12.d3 Bd6xh2
13.Nb1c3 Bh2d6
{ time. }
1-0

[Event "Match"]
[Site "www.echecsemail.com"]
[Date "2017.07.18"]
[Round "1"]
[White "Witpar"]
[Black "Yussuf1000"]
[WhiteElo "2640"]
[BlackElo "2300"]
[Result "1-0"]
[Round "1"]
1.d4 Ng8f6
2.Ng1f3 e6
3.c4 Bf8b4
4.Nb1d2 O-O
5.a3 Bb4e7
6.e4 d5
7.e5 Nf6d7
8.Bf1d3 c5
9.h4 g6
10.h5 cxd4
11.Qd1c2 Nd7c5
12.cxd5 Nc5xd3
13.Qc2xd3 exd5
14.hxg6 fxg6
15.Nf3xd4 Nb8c6
16.Nd2f3 Bc8g4
17.Bc1h6 Rf8e8
18.O-O Qd8d7
19.Rf1e1 Be7d8
20.Qd3e3 Bd8b6
21.Qe3f4 Nc6xd4
22.Nf3xd4 Ra8c8
23.Ra1c1 Bg4e6
24.Bh6g5 Bb6xd4
25.Qf4xd4 b6
26.f3 Rc8c4
27.Rc1xc4 dxc4
28.Qd4f4 Re8f8
29.Bg5f6 Rf8f7
30.Re1e4 Be6d5
31.Re4d4 Qd7e6
32.a4 Rf7d7
33.Bf6g5 Rd7f7
34.Qf4e3 Rf7d7
35.Bg5h6 Rd7d8
36.Rd4f4 Rd8e8
37.Qe3a3 { resign }
1-0

[Event "Match"]
[Site "www.echecsemail.com"]
[Date "2017.07.18"]
[Round "1"]
[White "Sachpat"]
[Black "Jacks"]
[WhiteElo "2780"]
[BlackElo "2820"]
[Result "1/2-1/2"]
[Round "1"]
1.e4 e5
2.Ng1f3 Nb8c6
3.Bf1b5 Ng8f6
4.O-O Nf6xe4
5.d4 Ne4d6
6.Bb5xc6 dxc6
7.dxe5 Nd6f5
8.Qd1xd8 Kxd8
9.Nb1c3 Ke8
10.h3 h5
11.Rf1d1 Bf8e7
12.Nc3e2 Bc8e6
13.Ne2f4 Be6c8
14.Nf4e2 Bc8e6
15.Nf3g5 Be6d5
16.Ne2c3 Ra8d8
17.Bc1f4 Nf5h4
18.Nc3xd5 Rd8xd5
19.Rd1xd5 cxd5
20.e6 Be7xg5
{ draw }
1/2-1/2

[Event "Match"]
[Site "www.echecsemail.com"]
[Date "2017.07.18"]
[Round "1"]
[White "Olivia"]
[Black "Pellix84"]
[WhiteElo "999"]
[BlackElo "2060"]
[Result "0-1"]
[Round "1"]
1.e4 c5
2.Ng1f3 Nb8c6
3.e5 e6
4.d4 cxd4
5.Nf3xd4 Nc6xe5
6.Bf1b5 a6
7.Bb5a4 b5
8.Ba4b3 Bc8b7
9.Qd1e2 Qd8c7
10.Bc1f4 Bf8d6
11.Bf4g5 Bb7xg2
12.Rh1g1 Bg2b7
13.Bg5h4 Ne5g6
14.Bh4g3 Ng8f6
15.Nd4f5 Bd6xg3
16.Rg1xg3 O-O
17.Nb1c3 d5
18.Rg3e3 Qc7xh2
 { time }
0-1

[Event "Match"]
[Site "www.echecsemail.com"]
[Date "2017.07.18"]
[Round "1"]
[White "Coraza8091"]
[Black "Bjonil60"]
[WhiteElo "1520"]
[BlackElo "1520"]
[Result "1-0"]
[Round "1"]
1.e4 Nb8c6
2.Ng1f3 e5
3.Bf1c4 h6
4.c3 Qd8e7
5.Qd1b3 a6
6.Bc4d5 f6
7.Bd5xg8 Rh8xg8
8.Qb3xg8 b6
9.Nf3h4 g5
10.Nh4f5 Qe7d8
11.Qg8g6 
1-0

[Event "Match"]
[Site "www.echecsemail.com"]
[Date "2017.07.18"]
[Round "1"]
[White "Bojan"]
[Black "Cjood"]
[WhiteElo "1970"]
[BlackElo "1980"]
[Result "1-0"]
[Round "1"]
1.b4 e5
2.a3 d5
3.Bc1b2 f6
4.e3 a6
5.d4 e4
6.c4 c6
7.Nb1c3 b5
8.c5 h5
9.h3 g5
10.Bf1e2 h4
11.Be2h5 Ke7
12.Bh5e2 f5
13.f3 Ng8f6
14.Kd2 exf3
15.Ng1xf3 Bf8h6
16.Nf3e5 Nf6e4
17.Nc3xe4 fxe4
18.Ne5g6 Kd7
19.Rh1f1 Rh8h7
20.a4 Kc7
21.axb5 Bc8b7
22.bxc6 Nb8xc6
23.Bb2c3 Bh6g7
24.Rf1f7 Kb8
25.b5 axb5
26.Ra1xa8 Bb7xa8
27.Be2xb5 Qd8e8
28.Ng6e5 Kc8
29.Rf7a7 Kb8
30.Qd1a4 Ba8b7
31.Bb5xc6 { resign }
1-0

[Event "Match"]
[Site "www.echecsemail.com"]
[Date "2017.07.18"]
[Round "1"]
[White "Chapi"]
[Black "Cjood"]
[WhiteElo "2160"]
[BlackElo "1980"]
[Result "1-0"]
[Round "1"]
1.d4 b6
2.c4 Bc8b7
3.Nb1c3 d5
4.Ng1f3 dxc4
5.e4 Bb7a6
6.a4 e6
7.Nf3e5 c5
8.Bc1e3 cxd4
9.Be3xd4 Qd8c8
10.Qd1f3 f6
11.Qf3h5 Ke7
12.Qh5f7 Kd6
13.Ne5xc4 Ba6xc4
14.Bf1xc4 Ng8h6
15.Nc3b5 Kc6
16.Nb5xa7 Ra8xa7
17.Qf7xa7 Bf8b4
18.Bd4c3 Bb4c5
19.O-O Qc8b7
20.Qa7xb7 Kxb7
21.Bc4xe6 { resign }
1-0

[Event "1/64 Finale"]
[Site "www.chess-mail.com"]
[Date "2017.07.18"]
[Round "1"]
[White "Paulsyd"]
[Black "Hennie4820"]
[WhiteElo "2370"]
[BlackElo "2070"]
[Result "1-0"]
[Round "1"]
1.e4 c5
2.Ng1f3 e6
3.d4 cxd4
4.Nf3xd4 Ng8f6
5.Nb1c3 Qd8b6
6.e5 Bf8c5
7.Nd4b5 Nf6d5
8.Nc3e4 O-O
9.Ne4xc5 Qb6xc5
10.c4 Nd5e7
11.Qd1d6 Qc5xd6
12.exd6 Ne7g6
13.Nb5c7 { resign }
1-0

[Event "Eq:Super Chess Team-Slap Shot Mates : "]
[Site "www.chess-mail.com"]
[Date "2017.07.18"]
[Round "1"]
[White "Redabond"]
[Black "Coolant"]
[WhiteElo "1640"]
[BlackElo "2280"]
[Result "0-1"]
[Round "1"]
1.d4 Ng8f6
2.Bc1f4 d6
3.Nb1c3 Nb8d7
4.e3 g6
5.Ng1f3 Bf8g7
6.Bf1c4 O-O
7.O-O h6
8.h3 Rf8e8
9.Qd1d3 e5
10.dxe5 dxe5
11.Bf4g3 e4
12.Bc4xf7 Kxf7
13.Qd3e2 exf3
14.Qe2xf3 c6
15.e4 Nd7e5
16.Bg3xe5 Re8xe5
17.Rf1d1 Qd8e7
18.Rd1d2 g5
19.Ra1e1 Bc8e6
20.Re1d1 Kg6
21.Qf3g3 Nf6h5
22.Qg3f3 Ra8f8
23.Qf3e3 b6
24.g4 Nh5f4
25.Rd2d6 Qe7c7
26.Kh2 Rf8f7
27.f3 Bg7f8
28.Kg3 Bf8xd6
29.Rd1h1 Bd6c5
30.Rh1d1 Bc5xe3
31.Rd1e1 Be3d2
32.Re1d1 Bd2xc3
33.bxc3 h5
{ resign }
0-1

[Event "Tourn. n9426"]
[Site "www.chess-mail.com"]
[Date "2017.07.19"]
[Round "1"]
[White "Roque1"]
[Black "Cjood"]
[WhiteElo "2040"]
[BlackElo "1960"]
[Result "1-0"]
[Round "1"]
1.e4 e5
2.Ng1f3 Ng8f6
3.d3 Nb8c6
4.Nb1c3 Bf8c5
5.Bf1e2 d5
6.exd5 Nf6xd5
7.Bc1g5 f6
8.Bg5h4 Nd5f4
9.O-O g5
10.Bh4g3 g4
11.Nf3h4 Nf4xe2
12.Qd1xe2 Nc6d4
13.Qe2d2 c6
14.Nc3e4 Bc5e7
15.Qd2h6 Kd7
16.c3 Nd4e2
17.Kh1 Kc7
18.Ra1d1 Ne2xg3
19.fxg3 Bc8e6
20.Ne4xf6 Be6xa2
21.Nf6xg4 Be7g5
22.Qh6g7 Kb6
23.Qg7xe5 Bg5xh4
24.Rd1a1 Qd8xd3
25.Rf1d1 Qd3c4
26.Rd1d4 Qc4f7
27.Rd4b4 { resign }
1-0

[Event "Tourn. n9427"]
[Site "www.chess-mail.com"]
[Date "2017.07.19"]
[Round "1"]
[White "Goofy"]
[Black "Pdebonis"]
[WhiteElo "2320"]
[BlackElo "2700"]
[Result "0-1"]
[Round "1"]
1.e4 e6
2.d4 d5
3.Nb1c3 Ng8f6
4.e5 Nf6d7
5.f4 c5
6.Ng1f3 Nb8c6
7.Bc1e3 Bf8e7
8.Qd1d2 O-O
9.dxc5 Qd8a5
10.Nf3d4 Nc6xd4
11.Be3xd4 a6
12.O-O-O Be7xc5
13.g4 b5
14.Bd4xc5 Nd7xc5
15.a3 Ra8b8
16.Nc3a2 Qa5c7
17.h4 Nc5b3
{ resign }
0-1

[Event "Tourn. n9434"]
[Site "www.chess-mail.com"]
[Date "2017.07.19"]
[Round "1"]
[White "Cernunnoss"]
[Black "Prize64"]
[WhiteElo "2050"]
[BlackElo "2130"]
[Result "0-1"]
[Round "1"]
1.e4 c5
2.Ng1f3 Nb8c6
3.d4 cxd4
4.Nf3xd4 e5
5.Nd4b5 d6
6.c4 a6
7.Nb5c3 f5
8.exf5 Bc8xf5
9.Bf1d3 Bf5e6
 { time }
0-1

[Event "Tourn. n9394"]
[Site "www.chess-mail.com"]
[Date "2017.07.19"]
[Round "1"]
[White "Comrade"]
[Black "Sorento"]
[WhiteElo "2270"]
[BlackElo "2440"]
[Result "0-1"]
[Round "1"]
1.c4 e5
2.Nb1c3 f5
3.g3 Ng8f6
4.Bf1g2 d6
5.e3 g6
6.d4 e4
7.f3 exf3
8.Bg2xf3 Bf8g7
9.Ng1e2 O-O
10.O-O c6
11.Bc1d2 Nb8a6
12.a3 Na6c7
13.Qd1c2 Bc8e6
14.b3 d5
15.Ne2f4 Be6f7
16.cxd5 Nc7xd5
17.Nf4xd5 cxd5
18.Ra1c1 Bg7h6
 { time }
0-1

[Event "Tourn. n9434"]
[Site "www.chess-mail.com"]
[Date "2017.07.19"]
[Round "1"]
[White "Falcoale"]
[Black "Cernunnoss"]
[WhiteElo "2050"]
[BlackElo "2050"]
[Result "1-0"]
[Round "1"]
1.e4 d5
2.exd5 Qd8xd5
3.Nb1c3 Qd5a5
4.d4 c6
5.Ng1f3 Ng8f6
6.h3 Bc8f5
7.Bc1d2 e6
8.Bf1e2  { time }
1-0

[Event "Tourn. n9299"]
[Site "www.chess-mail.com"]
[Date "2017.07.19"]
[Round "1"]
[White "Jaroslavpech"]
[Black "Sozaro"]
[WhiteElo "2120"]
[BlackElo "2210"]
[Result "1-0"]
[Round "1"]
1.e4 e5
2.Ng1f3 Nb8c6
3.Bf1b5 Bf8d6
4.O-O a6
5.Bb5a4 Ng8f6
6.c3 b5
7.Ba4c2 Bc8b7
8.Rf1e1 O-O
9.d4 Rf8e8
10.Nb1d2 h6
11.h3 Ra8b8
12.a3 Bb7a8
13.Bc2d3 Nf6h5
14.b4 Nh5f4
15.Bd3c2 a5
16.d5 Nc6e7
17.bxa5 c5
18.a4 Qd8xa5
19.Nd2b3 Qa5c7
20.Bc1xf4 exf4
21.e5 Bd6xe5
22.Re1xe5 d6
23.Re5e1 Ne7xd5
24.Re1xe8 Rb8xe8
25.axb5 Qc7b8
26.Qd1d3 Nd5f6
27.c4 d5
28.Nb3xc5 Qb8c8
29.Qd3d4 dxc4
30.b6 Re8d8
31.Qd4xc4  { time }
1-0

[Event "Tourn. n9439"]
[Site "www.chess-mail.com"]
[Date "2017.07.19"]
[Round "1"]
[White "Fantomas"]
[Black "Cal"]
[WhiteElo "1739"]
[BlackElo "1700"]
[Result "1-0"]
[Round "1"]
1.e4 e5
2.Ng1f3 d6
3.d4 exd4
4.Nf3xd4 Ng8f6
5.Nb1c3 c5
6.Bf1b5 Bc8d7
7.Bb5xd7 Qd8xd7
8.Nd4f5 Nb8c6
9.Bc1f4 h6
10.Nf5xd6 Bf8xd6
11.Qd1xd6 Qd7g4
12.O-O Ra8d8
13.f3 Qg4c8
14.Qd6xc5 b6
15.Qc5f2 O-O
16.Ra1d1 Rd8xd1
17.Rf1xd1 a5
18.Qf2xb6 Nf6h5
19.Bf4e3 Nc6e5
20.Be3c5 Ne5c4
21.Qb6b5 Nc4xb2
22.Rd1b1 Nh5f4
23.Rb1xb2 Rf8d8
24.Qb5xa5 Rd8d2
25.Bc5f2 Nf4e2
26.Nc3xe2 Rd2xe2
27.Qa5c5 Qc8e6
28.Qc5f5 Qe6e8
29.Bf2d4 f6
30.Qf5d5 Kh8
31.Qd5b5 Re2d2
32.Qb5xe8 Kh7
33.Rb2b7 Rd2xd4
34.Qe8f7 Rd4d1
35.Kf2 Rd1d2
36.Kg3 Rd2xg2
37.Kxg2 { resign }
1-0

[Event "Match"]
[Site "www.echecsemail.com"]
[Date "2017.07.19"]
[Round "1"]
[White "Sagara1977"]
[Black "Azulmarino"]
[WhiteElo "1540"]
[BlackElo "1520"]
[Result "1-0"]
[Round "1"]
1.e4 d5
2.exd5 Qd8xd5
3.Qd1f3 Qd5xf3
4.Ng1xf3 Nb8c6
5.d4 Ng8f6
6.Bf1c4 e6
7.Nb1c3 Bf8b4
8.Bc1d2 Bc8d7
9.Nc3b5 Bb4d6
10.Bd2f4 Nc6b4
11.O-O-O Bd6xf4
12.Kb1 Nf6e4
13.Rh1f1 a6
14.Nb5a3 Bd7a4
15.b3 Ba4c6
16.c3 Ne4xc3
17.Kb2 Nc3xd1
18.Rf1xd1 Bc6xf3
19.gxf3 Bf4xh2
20.Kc3 Nb4xa2
21.Kb2 Na2b4
22.Rd1e1 Nb4c6
23.d5 Nc6e7
24.dxe6 f6
25.Na3c2 O-O
26.Nc2d4 Ra8d8
27.Nd4f5 Kh8
28.Nf5xe7 Rd8d2
29.Kc3 Bh2f4
30.Ne7d5 Rd2xf2
31.Nd5xf4 Rf2xf3
32.Nf4d3 h5
33.e7 Rf8e8
34.Bc4f7 Re8xe7
35.Re1xe7 c5
36.Bf7g6 { resign }
1-0

[Event "Match"]
[Site "www.echecsemail.com"]
[Date "2017.07.19"]
[Round "1"]
[White "Bojan"]
[Black "Cjood"]
[WhiteElo "1970"]
[BlackElo "2210"]
[Result "1-0"]
[Round "1"]
1.e4 e5
2.Ng1f3 Nb8c6
3.c3 Bf8c5
4.a3 Ng8f6
5.d4 exd4
6.cxd4 Bc5e7
7.e5 Nf6d5
8.Qd1b3 Nd5b6
9.Bc1d2 O-O
10.d5 Nc6b8
11.Bd2f4 d6
12.exd6 Be7xd6
13.Bf4g5 f6
14.Bg5h4 Nb6xd5
15.Qb3xd5 Kh8
16.Bf1e2 Bd6b4
17.Qd5d2 Bb4xd2
18.Nb1xd2 Bc8f5
19.O-O Nb8c6
20.Ra1c1 a6
21.Rf1d1 Qd8e8
22.Be2c4 Qe8g6
23.Bh4g3 Ra8c8
24.Nd2b3 Nc6e7
25.Rd1e1 Rf8e8
26.Nb3d4 c5
27.Nf3h4 Qg6g4
28.Nd4xf5 Ne7xf5
29.h3 Re8xe1
30.Rc1xe1 Nf5xh4
31.Bc4e6 Qg4h5
32.Be6xc8 g5
33.Bc8xb7 a5
34.Bb7c6 Kg7
35.b3 Nh4f5
36.Bg3c7 Nf5d4
37.Re1e7 Kh6
38.Bc6e4 f5
39.g4 Qh5xh3
40.Be4d5 Qh3xg4
41.Kf1 Qg4h3
42.Ke1 Nd4xb3
43.Re7e3 Qh3h4
44.Re3xb3 c4
45.Rb3c3 Qh4d4
46.Rc3h3 Kg6
47.Bd5g8 Qd4a1
48.Ke2 c3
49.Bg8xh7 Kf6
50.Bc7d8 Ke6
51.Rh3e3 Kd5
52.Bh7xf5 Qa1b2
53.Kf3 a4
54.Bf5e4 Kc4
55.Bd8f6 Qb2xa3
56.Re3xc3 Qa3xc3
57.Bf6xc3 Kxc3
58.Kg4 Kd4
59.Be4b1 Kc3
60.Kxg5 Kb2
61.Bb1f5 a3
62.Bf5e6 Kc3
63.f4 Kd4
64.f5 Ke5
65.Kg6 Kd6
66.Be6a2 Ke7
67.Kg7 Ke8
68.f6 { resign }
1-0

[Event "Match"]
[Site "www.echecsemail.com"]
[Date "2017.07.19"]
[Round "1"]
[White "Liencam2"]
[Black "Luzhin"]
[WhiteElo "2250"]
[BlackElo "2330"]
[Result "1/2-1/2"]
[Round "1"]
1.e4 e5
2.Ng1f3 Nb8c6
3.d4 exd4
4.c3 dxc3
5.Bf1c4 cxb2
6.Bc1xb2 Bf8b4
7.Nb1c3 Ng8f6
8.Qd1c2 d6
9.O-O-O O-O
10.h4 Bb4xc3
11.Qc2xc3 Bc8e6
12.Bc4xe6 fxe6
13.Nf3g5 Qd8e7
14.f3 h6
15.Qc3e3 hxg5
16.hxg5 Nf6d7
17.f4 Kf7
18.Rh1h7 Rf8g8
19.Rd1h1 Ra8f8
20.Qe3b3 Nd7c5
21.Qb3h3 Ke8
22.Qh3h5 Qe7f7
{ draw }
1/2-1/2

[Event "Match"]
[Site "www.echecsemail.com"]
[Date "2017.07.19"]
[Round "1"]
[White "Stevep84"]
[Black "Llord"]
[WhiteElo "2100"]
[BlackElo "1910"]
[Result "1-0"]
[Round "1"]
1.e4 e5
2.Ng1f3 Nb8c6
3.Bf1b5 d6
4.d4 a6
5.Bb5xc6 bxc6
6.dxe5 Bc8g4
7.exd6 cxd6
8.h3 Bg4h5
9.Nb1d2 Ng8f6
10.O-O Bf8e7
11.Rf1e1 O-O
12.b3 Nf6d7
13.Bc1b2 Be7f6
14.Bb2xf6 Qd8xf6
15.c4 Nd7e5
16.Re1e3 Ne5xf3
17.Nd2xf3 a5
18.Qd1e1 Rf8e8
19.Nf3d2 h6
20.c5 dxc5
21.Nd2c4 Bh5g6
22.e5 Qf6e6
23.Ra1d1 a4
24.Rd1d6 Qe6c8
25.Nc4b6 Qc8b7
26.Nb6xa8 Re8xa8
27.Qe1d2 axb3
28.Re3xb3 Qb7a7
29.Rd6xc6 f6
30.exf6 Bg6f7
31.Rb3d3 c4
32.Rd3d8 Ra8xd8
33.Qd2xd8 Kh7
34.Rc6c7 Qa7b6
35.fxg7 Kxg7
36.Rc7xf7 { resign }
1-0

[Event "1/64 Finale"]
[Site "www.chess-mail.com"]
[Date "2017.07.19"]
[Round "1"]
[White "Attatroll"]
[Black "Corr"]
[WhiteElo "2010"]
[BlackElo "1930"]
[Result "0-1"]
[Round "1"]
1.e4 e5
2.Ng1f3 Nb8c6
3.d4 exd4
4.Bf1c4 Ng8f6
5.O-O Nf6xe4
6.Rf1e1 d5
7.Bc4b5 Bf8b4
8.Re1e2 O-O
9.Bb5xc6 bxc6
10.Nf3xd4 Bc8a6
11.Nd4xc6 Ba6xe2
12.Qd1xe2 Qd8d6
13.Nc6xb4 Qd6xb4
14.c3 Qb4d6
15.Nb1d2 Rf8e8
16.Nd2xe4 Re8xe4
17.Qe2d1 Ra8e8
18.Bc1e3 c5
19.Qd1f3 d4
20.cxd4 cxd4
21.Be3d2 Re4e2
22.Bd2e3 Re2xb2
23.Ra1d1 dxe3
24.Rd1xd6 e2
{ resign }
0-1

[Event "Eq:Tigers of Istanbul-Slap Shot Mates : "]
[Site "www.chess-mail.com"]
[Date "2017.07.19"]
[Round "1"]
[White "Mihaiiorga"]
[Black "Pdebonis"]
[WhiteElo "2070"]
[BlackElo "2560"]
[Result "0-1"]
[Round "1"]
1.b3 e5
2.Bc1b2 Nb8c6
3.e3 Ng8f6
4.c4 d5
5.cxd5 Nf6xd5
6.Nb1c3 Nd5xc3
7.Bb2xc3 Bf8d6
8.Ng1f3 e4
9.Nf3d4 Nc6xd4
10.Bc3xd4 O-O
11.Bf1c4 Qd8g5
12.Qd1c2 Rf8e8
13.h4 Qg5h5
14.Qc2c3 b5
15.Bc4e2 Bc8g4
16.Be2f1 a6
17.a4 b4
18.Qc3b2 c5
19.Bd4xg7 Re8e6
20.Bg7h8 Re6g6
21.Bf1c4 Qh5f5
22.Ra1b1 h6
23.a5 Kh7
24.h5 Bg4xh5
25.d3 exd3
26.Rh1xh5 Qf5xh5
27.Bc4xd3 Ra8xh8
28.Qb2f6 Kg8
29.Bd3xg6 Qh5xg6
30.Qf6xg6 fxg6
31.Rb1d1 Bd6e7
32.Rd1d7 Kf7
33.Rd7a7 Rh8d8
34.Ra7xa6 Rd8d3
35.Ra6a8 Rd3xb3
36.a6 Rb3a3
37.a7 c4
38.Kd2 Ra3a2
39.Kc1 b3
40.Ra8c8 Ra2a1
41.Kb2 Be7f6
{ resign }
0-1

[Event "Fast Game"]
[Site "www.echecsemail.com"]
[Date "2017.07.19"]
[Round "1"]
[White "Hennie4820"]
[Black "Dussek"]
[WhiteElo "1650"]
[BlackElo "1599"]
[Result "1-0"]
[Round "1"]
1.e4 e5
2.Ng1f3 Ng8f6
3.Nf3xe5 d6
4.Ne5f3 Nf6xe4
5.c3 Nb8c6
6.Bf1d3 Ne4f6
7.O-O Bf8e7
8.Bd3c2 O-O
9.d4 Bc8g4
10.Bc1e3 Qd8d7
11.Nb1d2 Nf6d5
12.h3 Nd5xe3
13.fxe3 Bg4h5
14.Qd1e1 Rf8e8
15.Qe1f2 Be7f6
16.Ra1e1 Nc6e7
17.e4 Ne7g6
18.g4 Ng6f4
19.Qf2g3 Nf4xh3
20.Qg3xh3 Bh5xg4
21.Qh3h2 h6
22.e5 dxe5
23.Nf3xe5 Bf6xe5
24.Re1xe5 Bg4e6
25.Nd2e4 Be6xa2
26.Qh2g3 Re8e6
27.Ne4f6 Re6xf6
28.Rf1xf6 Ba2e6
29.Rf6xh6 g6
30.Qg3h4 { resign }
1-0

[Event "Fast Game"]
[Site "www.echecsemail.com"]
[Date "2017.07.19"]
[Round "1"]
[White "Attatroll"]
[Black "Picifarkinca"]
[WhiteElo "1790"]
[BlackElo "1910"]
[Result "0-1"]
[Round "1"]
1.e4 c5
2.Nb1c3 e6
3.g4 Nb8c6
4.Bf1g2 Ng8e7
5.h3 Ne7g6
6.d3 Bf8d6
7.Ng1f3 a6
8.Bc1e3 Ng6f4
9.Be3xf4 Bd6xf4
10.O-O O-O
11.Nc3e2 Bf4b8
12.Nf3d2 d5
13.f4 Qd8b6
14.Ra1b1 c4
15.Kh1 cxd3
16.cxd3 dxe4
17.Nd2xe4 a5
18.Ne4d6 Bb8xd6
{ resign }
0-1

[Event "Tourn. n9448"]
[Site "www.chess-mail.com"]
[Date "2017.07.20"]
[Round "1"]
[White "Lucaschess"]
[Black "Cjood"]
[WhiteElo "2080"]
[BlackElo "2140"]
[Result "1-0"]
[Round "1"]
1.e4 c5
2.Nb1c3 e6
3.f4 Nb8c6
4.Ng1f3 d6
5.Bf1b5 Bc8d7
6.O-O a6
7.Bb5xc6 Bd7xc6
8.d3 Bf8e7
9.g4 f6
10.f5 exf5
11.gxf5 b5
12.Qd1e1 Qd8b6
13.Bc1e3 O-O-O
14.Nc3d5 Bc6xd5
15.exd5 g6
16.c4 bxc4
17.dxc4 Qb6xb2
18.Qe1a5 Qb2b7
19.Ra1b1 Qb7a7
20.Rb1b6 Qa7c7
21.Rb6c6 Qc7xc6
22.dxc6 gxf5
23.Qa5xa6 { resign }
1-0

[Event "Tourn. n9416"]
[Site "www.chess-mail.com"]
[Date "2017.07.20"]
[Round "1"]
[White "Astroboy"]
[Black "Jesmantiz"]
[WhiteElo "2000"]
[BlackElo "2150"]
[Result "1-0"]
[Round "1"]
1.e4 c5
2.Nb1c3 a6
3.Ng1f3 Nb8c6
4.d4 cxd4
5.Nf3xd4 e6
6.Bc1e3 Qd8c7
7.Qd1d2 Ng8f6
8.f3 Bf8e7
9.O-O-O O-O
10.g4 Nf6e8
11.h4 Ne8f6
12.h5 b5
13.g5 Nf6e8
14.Kb1 g6
15.Be3f4 d6
16.Nd4xc6 Qc7xc6
17.Qd2h2 Ne8g7
18.hxg6 h5
19.gxh6 Ng7e8
20.g7 Kh7
21.e5 f5
22.Qh2h5 Rf8g8
23.Rh1g1 Be7g5
24.Rg1xg5 Ne8xg7
25.hxg7 { resign }
1-0

[Event "Tourn. n9444"]
[Site "www.chess-mail.com"]
[Date "2017.07.20"]
[Round "1"]
[White "Bigrezi"]
[Black "Fangshuo"]
[WhiteElo "2020"]
[BlackElo "2140"]
[Result "1-0"]
[Round "1"]
1.e4 e6
2.d4 d5
3.exd5 exd5
4.Ng1f3 Ng8f6
5.Bf1d3 c5
6.Bd3b5 Bc8d7
7.Bb5xd7 Nb8xd7
8.O-O Bf8e7
9.Nb1c3 O-O
10.dxc5 Nd7xc5
11.Bc1g5 Nc5e4
12.Bg5xf6 Ne4xf6
13.Qd1d3 Qd8d7
14.Ra1d1 Ra8d8
15.a3 Be7c5
16.Rf1e1 Nf6g4
17.Rd1d2 Rf8e8
18.Re1xe8 Rd8xe8
19.Nc3xd5 Qd7d6
20.b4 Re8e1
21.Nf3xe1 Qd6xh2
22.Kf1 Qh2h1
23.Ke2 Qh1h5
24.Nd5f4 Qh5e5
25.Kf1 { resign }
1-0

[Event "Tourn. n9410"]
[Site "www.chess-mail.com"]
[Date "2017.07.20"]
[Round "1"]
[White "Cjood"]
[Black "Attatroll"]
[WhiteElo "1850"]
[BlackElo "2000"]
[Result "1-0"]
[Round "1"]
1.g3 d5
2.Bf1g2 c6
3.d4 f5
4.Bc1f4 e6
5.a3 Ng8f6
6.Nb1c3 Bf8d6
7.Bf4xd6 Qd8xd6
8.Ng1f3 O-O
9.O-O Nf6e4
10.Nc3xe4 fxe4
11.Nf3d2 Nb8d7
12.e3 Nd7f6
13.c3 e5
14.dxe5 Qd6xe5
15.Qd1c2 Bc8g4
16.h3 Bg4d7
17.Nd2b3 b6
18.Ra1d1 Bd7e6
19.Nb3d4 Be6d7
20.Nd4e2 Ra8d8
21.Ne2f4 g5
22.Nf4e2 h5
23.f4 gxf4
24.Ne2xf4 Kg7
25.Qc2f2 Bd7c8
26.Qf2e2 Rf8h8
27.h4 Bc8g4
28.Qe2f2 Bg4xd1
29.Rf1xd1 Nf6g4
30.Qf2e2 Kf7
31.Rd1f1 Rd8g8
32.Nf4d3 Ke6
33.Nd3xe5 Ng4xe5
34.Kh2 Ne5g4
35.Kh1 Ng4e5
36.Bg2h3 Ke7
37.Rf1f5 Rg8xg3
38.Bh3g2 Ne5g4
39.Qe2e1 Rg3xe3
40.Qe1f1 Ke6
41.Rf5f7 Re3f3
42.Bg2xf3 exf3
43.Qf1xf3 { resign }
1-0